MBA - 100 kỹ thuật xử lý tình huống trong kinh doanh của người Nhật

Cuốn sách này được viết nhằm mục đích giới thiệu các phương pháp để giải quyết các vấn đề trong chuỗi hoạt động kinh doanh như: Kĩ thuật cơ bản để giải quyết vấn đề; kĩ thuật khám phá; kĩ thuật hành động; kĩ thuật thay đổi quan điể...

Descripción completa

Guardado en:
Detalles Bibliográficos
Autor principal: Shimada, Tsuyoshi
Autor Corporativo: Globis
Otros Autores: Phạm Thị Nhung (Dịch)
Formato: Libro
Lenguaje:Vietnamese
Publicado: H. Công thương 2021
Materias:
Etiquetas: Agregar Etiqueta
Sin Etiquetas, Sea el primero en etiquetar este registro!
Thư viện lưu trữ: Thư viện Trường Đại học Nam Cần Thơ
LEADER 01603nam a22002417a 4500
001 NCT_4_019227
008 250513b xxu||||| |||| 00| 0 vie d
999 |c 8934  |d 8934 
020 |a 9786043113785  |c 149000 
082 0 4 |2 23rd ed.  |a 658.403  |b S555 
100 1 |a Shimada, Tsuyoshi 
245 1 0 |a MBA - 100 kỹ thuật xử lý tình huống trong kinh doanh của người Nhật  |c Shimada Tsuyoshi, Globis ; Phạm Thị Nhung (Dịch) 
260 |a H.  |b Công thương  |c 2021 
300 |a 351 tr.   |b Minh họa   |c 20 cm 
500 |a Tên sách tiếng Nhật: MBA mondai kaiketsu 100 no kihon  
520 3 |a Cuốn sách này được viết nhằm mục đích giới thiệu các phương pháp để giải quyết các vấn đề trong chuỗi hoạt động kinh doanh như: Kĩ thuật cơ bản để giải quyết vấn đề; kĩ thuật khám phá; kĩ thuật hành động; kĩ thuật thay đổi quan điểm; kĩ thuật học hỏi từ thất bại; kĩ thuật thiết lập vấn đề... 
653 |a Quản trị kinh doanh 
700 1 |a Phạm Thị Nhung   |e Dịch 
710 2 |a Globis 
942 |2 ddc  |c BK 
952 |0 0  |1 0  |2 ddc  |4 0  |6 658_403000000000000_S555  |7 0  |9 30649  |a 000001  |b 000001  |d 2025-05-13  |o 658.403 S555  |p MD.23911  |r 2025-05-13  |v 149000.00  |w 2025-05-13  |y BK 
952 |0 0  |1 0  |2 ddc  |4 0  |6 658_403000000000000_S555  |7 0  |9 30650  |a 000001  |b 000001  |d 2025-05-13  |o 658.403 S555  |p MD.23912  |r 2025-05-13  |v 149000.00  |w 2025-05-13  |y BK 
980 |a Thư viện Trường Đại học Nam Cần Thơ